| 000 | 00644nam a22002297a 4500 | ||
|---|---|---|---|
| 001 | BD-DhSAU 2407 | ||
| 003 | BD-DhSAU | ||
| 005 | 20150128120203.0 | ||
| 008 | 150128b2005 ii a|||| |||| 001 0 eng d | ||
| 020 | _a8188836893 | ||
| 040 | _aBD-DhSAU | ||
| 082 |
_222 _a639.3 _bBIM |
||
| 100 | _aBisoyi, Tanuj Kumar | ||
| 245 |
_aMarketing of marine fisheries / _cTanuj Kumar Bisoyi |
||
| 260 |
_aNew Delhi : _bSonali Pub. , _cc2005. |
||
| 300 |
_aviii, 110 p. : _bill. ; _c23 cm. |
||
| 504 | _aIncludes bibliographical references & index. | ||
| 590 | _aJerin | ||
| 650 | _aAnimal Husbandry | ||
| 650 | _amarine fisheries | ||
| 650 | _aMarketing | ||
| 942 |
_2ddc _cBOOK |
||
| 999 |
_c2407 _d2407 |
||